Rigoberta Menchú al nobel 92: ''Será justicia a todo un continente" /
Gardado en:
| Autor Principal: | |
|---|---|
| Formato: | Texto |
| Etiquetas: |
Engadir etiqueta
Sen Etiquetas, Sexa o primeiro en etiquetar este rexistro!
|
MARC
| LEADER | 00000 a a2200000 04500 | ||
|---|---|---|---|
| 001 | 17596 | ||
| 003 | |||
| 040 | |||
| 100 | |a Pérez Esquivel, Adolfo | ||
| 245 | |a Rigoberta Menchú al nobel 92: |b ''Será justicia a todo un continente" / |c Adolfo Pérez Esquivel | ||
| 773 | |g volumen 16, número 150; páginas 23-24 | ||
| 999 | |c 28937 |d 28937 | ||
| 773 | 0 | |0 42391 |9 4261 |a Agencia Latinoamericana de Información, ALAI |d Quito, Ecuador: ALAI |o 07128 |t ALAI: |x 08275564 (Servicio mensual de información y documentación) | |
